Za Borisom Nikolajevičom Putilovom

Bibliographic Details
Main Author: Gašparíková, Viera, 1928- (Author)
Format: Article
Language:Slovak
PhysicalDescription:Fotogr.
ISSN:1335-1303
Subjects:

MARC

LEADER 00000nab a2200000 a 4500
001 vtls000666773
003 SK-MaSNL
005 20260304090538.0
008 250425c1998 xo 0 slo
015 |a SNBRB1998/08-22891 
035 |a CLN000018957 
035 |a urn:nbn:sk:snk-abi7i 
035 |a (urnnbn)urn:nbn:sk:snk:ar-a039mp 
035 |a (uuid)d6435115-4ad6-49d7-8989-2fb9d9424c0c 
040 |a SNKBUCL  |b slo  |c SNKBUCL  |e AACR2 
041 0 |a slo 
044 |a xo  |c SK 
080 |a 39-051(470)  |2 1997 
080 |a 929 Putilov, Boris Nikolajevič  |2 1997 
100 1 |a Gašparíková, Viera,  |d 1928-  |4 aut  |9 105697 
245 1 0 |a Za Borisom Nikolajevičom Putilovom  |c Viera Gašparíková 
300 |b Fotogr. 
504 |a Výberová bibliografia B. N. Putilova 
600 1 7 |a Putilov, Boris Nikolajevič  |d 1919-1997  |2 snkbucl  |9 1381779 
655 7 |a články z novín a časopisov  |2 snkbucl  |9 267496 
773 0 |t Slovenský národopis  |g Roč. 46, č. 2 (1998), s. 215-218  |x 1335-1303 
850 |a Slovenská národná knižnica 
852 |a Slovenská národná knižnica 
954 |a odborná, vedecká literatúra pôvodná (slovenská)  |2 lita 
958 |a article27 
958 |a SU 
958 |a OND 
958 |a EUIPO 
992 |a RBX 
999 |c 2811792  |d 2813722